02342 a2200181 45000010006000000050017000060080041000230030015000640400040000790800031001192450057001500200022002072640034002293000019002635051685002821000029019678560164019962639120260407155543.0260407a2014 arg spa dAR-UNSa-BCEJYS aAR-UNSa-BCEJYSbspacAR-UNSa-BCEJYS a349.2xDerecho del Trabajo10aIntermediación laboral y sucesión de empleadores a978-987-01-1655-4 1aBuenos Aires :bErreparc2014 a299 p.c21 cm. a1. Fraude e interposición fraudulenta de persona. Obligaciones registrales y documentales / Matías M. Carellano - 2. La contratación irregular o fraudulenta mediante empresas de servicios eventuales / Ricardo D. Hierrezuelo - 3. Contratación de personal a través de empresas de servicios enventuales. Supuestos de intermediación legítima. Regulación legal. Requisitos. Rol de los sujetos / Federico de los Reyes -Pedro S. Pusineri - 4. Subcontratación aparente o intermediación encubierta / Agustín H. Carugo -Santiago Vallejos - 5. Trabajador autorizado para valerse de dependientes. Guía para la comprensión del ornitorrinco / Enrique Arias Gibert - 6. Auxiliares del trabajador como supuesto de intermediación a través de un dependiente (art. 28, LCT) / Andrés Abramovich - 7. Las pasantías educativas y el fraude en la intermediación laboral / Eugenia P. Khedayán - 8. El fraude en la intermediación laboral mediante la contatación de cooperativas de trabajo / Ana María Salas - 9. ¿Cuando estamos ante una "genuina" cooperativa de trabajo proveedora de mano de obra a terceros? / Oscar S. Fleitas - 10. El contrato de trabajo de equipos y el trabajo prestado por los integrantes de sociedades comerciales (arts. 101 y 102, LCT) / Nancy R. Rivelli - 11. El régimen de trabajo agrario y la solidaridad laboral. Proyecciones actuales / Cristián Requena - 12. Transferencia de establecimiento / Diana Dubra - 13. Efectos jurídicos del cambio de titularidad del establecimiento sobre los contratos de trabajo / Pablo Candal - 14. Responsabilidad solidaria de los sucesivos arrendatarios de un establecimiento / José D. Machado.1 aGarcía Vior, Andrea E.41uhttps://biblioeco.unsa.edu.ar/pmb/images/libros/Intermediaci?n laboral y sucesi?n de empleadores Garc?a Vior, Andrea (2014).jpgyImagen de portadaqimage/jpeg